000 00527cam a2200205ua 4500
001 11740
005 20260515114808.0
008 191031n ii |||gr||||Z||||||asm
020 _a9788172133283
040 _cMAIN
082 _a896
100 _a Karabi Hazarika,
_eAuthor.
245 _aAfrican American sahitya
_cBy Karabi Hazarika
250 _a1st ed.
260 _aGuwahati:
_bPurbanchal Prakash,
_c2017.
300 _a176p.
653 _aAfrican literatures
653 _aAfrican American Literature
942 _cBK
999 _c10531
_d10531